| Tag |
First Indicator |
Second Indicator |
Subfields |
| LEADER |
00000cam a2200000 a 4500 |
| 001 |
in00001031321 |
| 005 |
20150928153605.0 |
| 008 |
900924r19911984enka bf 001 0 eng |
| 010 |
|
|
|a 90019251
|
| 020 |
|
|
|a 0470217138 (pbk.)
|
| 035 |
|
|
|a (OCoLC)22509873
|
| 035 |
|
|
|9 AFH5956AM
|
| 040 |
|
|
|a DLC
|c DLC
|d TXA
|d UtOrBLW
|
| 043 |
|
|
|a w------
|
| 049 |
|
|
|a TXAM
|
| 050 |
1 |
0 |
|a S599.9.T76
|b B66 1991
|
| 082 |
0 |
0 |
|a 631.4/7113
|2 20
|
| 245 |
0 |
0 |
|a Booker tropical soil manual :
|b a handbook for soil survey and agricultural land evaluation in the tropics and subtropics /
|c edited by J.R. Landon.
|
| 250 |
|
|
|a Pbk. ed.
|
| 264 |
|
1 |
|a Harlow, Essex, England :
|b Longman Scientific & Technical ;
|a New York :
|b Wiley ;
|a Thame, Oxon, England :
|b Booker/Tate,
|c 1991.
|
| 300 |
|
|
|a xiv, 474 pages :
|b illustrations ;
|c 24 cm.
|
| 336 |
|
|
|a text
|b txt
|2 rdacontent
|
| 337 |
|
|
|a unmediated
|b n
|2 rdamedia
|
| 338 |
|
|
|a volume
|b nc
|2 rdacarrier
|
| 500 |
|
|
|a Reprint. Originally published: London : Booker Agriculture International Ltd. ; New York : Longman, 1984.
|
| 504 |
|
|
|a Includes bibliographical references (pages 411-440) and indexes.
|
| 650 |
|
0 |
|a Soils
|z Tropics
|x Handbooks, manuals, etc.
|
| 650 |
|
0 |
|a Soil surveys
|z Tropics
|x Handbooks, manuals, etc.
|
| 650 |
|
0 |
|a Land capability for agriculture
|z Tropics
|x Handbooks, manuals, etc.
|
| 700 |
1 |
|
|a Landon, J. R.
|q (John Richard),
|d 1947-
|
| 710 |
2 |
|
|a Booker Agriculture International Limited.
|
| 740 |
0 |
|
|a Tropical soil manual.
|
| 999 |
|
|
|a MARS
|
| 999 |
f |
f |
|s 86940046-e111-3b59-a730-be3b4eed5354
|i 74d5bf42-4a53-325c-8ac5-879db757d10e
|t 0
|
| 952 |
f |
f |
|p ric
|a Texas A&M University
|b Rellis Campus
|c Joint Library Facility
|d Remote Storage
|t 0
|e S599.9.T76 B66 1991
|h Library of Congress classification
|i unmediated -- volume
|m A14815425026
|
| 998 |
f |
f |
|a S599.9.T76 B66 1991
|t 0
|l Remote Storage
|